Statistics for Largest Cities In Brazil

Click here to take the quiz!

General Stats

  • This quiz has been taken 203 times
  • The average score is 8 of 10

Answer Stats

HintAnswer% Correct
2.6,323,037Rio de Janeiro
100%
1. 11,244,369São Paulo
95%
4. 2,562,963Brasilia
92%
6.2,375,444Belo Horizonte
80%
3. 2,676,606Salvador
77%
7. 1,802,525Manaus
73%
9. 1,536,934Recife
73%
5. 2,551,806Fortaleza
68%
10.1,409,939Porto Alegre
63%
8. 1,746,896Curitiba
55%

Score Distribution

Percentile by Number Answered

Percent of People with Each Score

Your Score History

You have not taken this quiz